|
|
|
|
| LEADER |
00000nab a2200000 a 4500 |
| 001 |
vtls000497644 |
| 003 |
SK-MaSNL |
| 005 |
20260303183659.0 |
| 008 |
230223c1993 xo 0 slo |
| 015 |
|
|
|a SNBRB19rr/mm-uuuuu
|
| 035 |
|
|
|a CL0497782
|
| 035 |
|
|
|a urn:nbn:sk:snk-ab6pww
|
| 035 |
|
|
|a (uuid)666380fb-f317-4116-9da5-71437a1e0634
|
| 035 |
|
|
|a (urnnbn)urn:nbn:sk:snk:ar-005rv4
|
| 035 |
|
|
|a (sysno)vtls000497644
|
| 040 |
|
|
|a SNKBUCL
|b slo
|c SNKBUCL
|e AACR2
|
| 041 |
0 |
|
|a slo
|
| 044 |
|
|
|a xo
|c SK
|
| 080 |
|
|
|a 621.791.019:539.56
|2 1981
|
| 080 |
|
|
|a 539.56
|2 1981
|
| 100 |
1 |
|
|a Kálna, Karol,
|d 1934-
|4 aut
|9 125999
|
| 245 |
1 |
0 |
|a Navrhovanie zváraných konštrukcií proti krehkému porušeniu
|c Karol Kálna
|
| 300 |
|
|
|b Grafy 4, tab. 8, lit. 11 zázn. v angl., ruš., slov.
|
| 650 |
0 |
7 |
|a zvárané konštrukcie
|2 snkbucl
|9 74448
|
| 650 |
0 |
7 |
|a porušenie krehké
|2 snkbucl
|9 919673
|
| 655 |
|
7 |
|a články z novín a časopisov
|2 snkbucl
|9 267496
|
| 773 |
0 |
|
|t Zváranie
|g Roč. 42, č. 6 (1993), s. 121-125
|x 0044-5525
|
| 850 |
|
|
|a Slovenská národná knižnica v Martine
|a MTA001
|
| 852 |
|
|
|a SNK
|b KIS3GCP
|
| 954 |
|
|
|a odborná, vedecká literatúra pôvodná (slovenská)
|2 lita
|
| 958 |
|
|
|a OND
|
| 958 |
|
|
|a NB
|
| 958 |
|
|
|a RK
|
| 958 |
|
|
|a EUIPO
|
| 958 |
|
|
|a article
|
| 992 |
|
|
|a RBX
|
| 999 |
|
|
|c 2122425
|d 2124355
|